Modelos de análisis y gestión de redes y componentes urbanos /

Сохранить в:
Библиографические подробности
Главный автор: Ainstein, Luis
Соавтор: Universidad de Buenos Aires. Facultad de Ciencias Económicas. Instituto de Investigaciones Económicas. Centro de Estudios Sobre Población, Empleo y Desarrollo
Другие авторы: Karol, Jorge L. Lindenboim, Javier
Формат: Текст
Опубликовано: Buenos Aires: Universidad de Buenos Aires
Предметы:
Метки: Добавить метку
Нет меток, Требуется 1-ая метка записи!

MARC

LEADER 00000 a a2200000 04500
001 27189
003
040 |a CRAI/IIS  |c CRAI/IIS 
090 |a 183900  
100 |a Ainstein, Luis  
110 |a Universidad de Buenos Aires. Facultad de Ciencias Económicas. Instituto de Investigaciones Económicas. Centro de Estudios Sobre Población, Empleo y Desarrollo  
245 |a Modelos de análisis y gestión de redes y componentes urbanos /  |c Luis Ainstein 
260 |a Buenos Aires:   |b Universidad de Buenos Aires  
300 |a 189 p.   |b **no definido**   |b fonodiscos  
650 |a ZONAS URBANAS  
650 |a REDES  
650 |a ANALISIS DE REDES  
700 |a Karol, Jorge L.   |a Lindenboim, Javier  
999 |c 7297  |d 7297